Star Wars : Les Derniers Jedi - Statistiques

Statistiques générales
  • Ce quiz a été pris 8 fois
    6 depuis la dernière actualisation
  • Le résultat moyen est 7 sur 10
Statistiques - réponses
Question Réponse % Correct
J'ai tué Han Solo. Je l'ai fait sans hésiter Kylo Ren
100%
Qu’est-ce que tu sais de la Force ? [...] Impressionnant. Il n’y a pas un mot de vrai dans cette phrase. Luke Skywalker
100%
Mon digne apprenti, fils des ténèbres héritier présomptif du seigneur Vador. Snoke
83%
Nous sommes l’étincelle qui allumera l’incendie qui réduira le premier ordre en cendres. Poe Dameron
67%
J'ai besoin de quelqu'un pour me montrer ma place dans tout ça. Rey
67%
On ne va pas gagner en s’acharnant sur eux mais en sauvant ceux qu’on aime. Rose Tico
67%
Hélas tu n'es pas Vador, tu n'es qu'un enfant avec un masque. Snoke
67%
Le meilleur des maîtres, c’est l’échec. Yoda
67%
Quand je t’ai trouvé, j’ai décelé ce que tout maître rêve de découvrir : une puissance brute et indomptée. Et au-delà de ça, autre chose de tout à fait exceptionnel : le potentiel que tu as hérité de ta lignée. Un nouveau Vador. Snoke
50%
Il est temps pour les Jedi d'en finir Luke Skywalker
33%
Aucun quiz correspondant
Distribution des résultats
% des personnes avec chaque résultat
Percentile par nombre de réponses
Votre historique - résultats
Vous n’avez pas pris ce quiz depuis la dernière actualisation